000
00320nam a2200121Ia 4500
008
230907s9999||||xx |||||||||||||| ||und||
082
_a
891.4393
_b
NAS
245
0
_a
آخری معرکہ , Aakhri marka /
260
_a
Jahangir Book Depot.,
_b
Lahore:
_c
2005
300
_a
592 p.
650
_a
Urdu Literature
942
_c
BK
999
_c
599714
_d
599714